أقدم المخطوطات العربية في مكتبات العالم المكتوبة : (رقم التسجيلة. 35925)

تفاصيل مارك
000 -الفاتح
عناصر البيانات ثابتة الطول 00678cam a2200181 i 4500
005 - تاريخ ووقت آخر معاملة
حقل ضبط 20251108165946.0
008 - عناصر البيانات ثابتة الطول
عناصر البيانات ثابتة الطول 250721s2000 iq gr 000 0 ara d
082 14 - رقم تصنيف ديوي العشري
رقم التصنيف م/091.0956
رقم المادة ع و ا
100 1# - مدخل رئيسي – اسم شخصي
الاسم الشخصي عواد، كوركيس
علاقة الشخص بالعمل/ دوره مؤلف.
245 10 - بيان العنوان
العنوان أقدم المخطوطات العربية في مكتبات العالم المكتوبة :
بقية العنوان منذ صدر الإسلام حتى سنة 500 هـ= 1106م /
بيان المسؤولية تأليف كوركيس عواد.
264 ## - بيانات النشر، التوزيع…إلخ
تاريخ النشر، التوزيع...إلخ 2000.
300 ## - الوصف المادي
عدد الوحدات المكونة للوعاء 134 صفحة.
650 17 - مدخل إضافي بالموضوع - مصطلح موضوعي
مصطلح موضوعي أو اسم جغرافي كعنصر مدخل المخطوطات.
650 17 - مدخل إضافي بالموضوع - مصطلح موضوعي
مصطلح موضوعي أو اسم جغرافي كعنصر مدخل الكتب القديمة.
650 17 - مدخل إضافي بالموضوع - مصطلح موضوعي
مصطلح موضوعي أو اسم جغرافي كعنصر مدخل البلدان العربية.
942 ## - بيانات إضافية (كوها)
نوع التنصيف Dewey Decimal Classification
نوع المادة (كوها) مراجع
المقتنيات
حالة السحب حالة الفقدان مصدر التصنيف حالة التلف غير قابل للإعارة المكتبة الرئيسية المكتبة الحالية موقع الرف تاريخ التزويد الرقم المتسلسل Total Checkouts رقم الإستدعاء الباركود تاريخ آخر ظهور تاريخ الفاتورة نوع المادة (كوها)
    Dewey Decimal Classification   Not For Loan المكتبة المركزية المكتبة المركزية مراجع 06/07/2004 241957   م/091.0956/عوا 241957 28/07/2025 06/07/2004 مراجع
    Dewey Decimal Classification     المكتبة المركزية المكتبة المركزية الإعارة 06/07/2004 428312   م/091.0956 / ع و ا 428312 28/07/2025 06/07/2004 مراجع
Implemented & Customized by: BBB with SCIT (Smart Chains for Information Technology)

Powered by Koha